[Event "Dubna op"]
[Site "Dubna"]
[Date "2007.08.06"]
[Round "5"]
[White "Makarov, Aleksandr"]
[Black "Khachapuridze, David"]
[Result "1-0"]
[WhiteElo "2254"]
[BlackElo "2012"]
[PlyCount "39"]
[EventDate "2007.08.02"]
[EventType "swiss"]
[EventRounds "14"]
[EventCountry "RUS"]
[SourceTitle "EXT 2008"]
[Source "ChessBase"]
[SourceDate "2007.11.25"]
[SourceVersion "1"]
[SourceVersionDate "2007.11.25"]
[SourceQuality "1"]

1. e4 e5 2. Nf3 Nc6 3. Bb5 a6 4. Bxc6 dxc6 5. 0-0 Bd6 6. d4 exd4 7. Qxd4 Bf8 8. Qe5+ Qe7 9. Bf4 Nf6 10. Qxc7 Qxc7 11. Bxc7 Nxe4 12. Re1 Kd7 13. Bf4 Nd6 14. Nc3 f5 15. Rad1 Kc7 16. Re8 Kd7 17. Rxf8 Rxf8 18. Bxd6 Re8 19. Na4 Ra7 20. Bb8+ 1-0

[Event "Dubna op"]
[Site "Dubna"]
[Date "2007.08.06"]
[Round "4"]
[White "Vakhlamov, Igor L"]
[Black "Makarov, Aleksandr"]
[Result "1/2-1/2"]
[WhiteElo "2028"]
[BlackElo "2254"]
[PlyCount "80"]
[EventDate "2007.08.02"]
[EventType "swiss"]
[EventRounds "14"]
[EventCountry "RUS"]
[SourceTitle "EXT 2008"]
[Source "ChessBase"]
[SourceDate "2007.11.25"]
[SourceVersion "1"]
[SourceVersionDate "2007.11.25"]
[SourceQuality "1"]

1. e4 e5 2. Nf3 Nf6 3. Nc3 Bb4 4. Nxe5 Qe7 5. Nd3 Bxc3 6. dxc3 Nxe4 7. Be2 d5 8. 0-0 Be6 9. Nf4 c6 10. Nxe6 fxe6 11. Bd3 Nd7 12. Bxe4 dxe4 13. Qe2 Nf6 14. Bg5 0-0-0 15. Bxf6 gxf6 16. Qxe4 Rd5 17. Rfe1 Re5 18. Qg4 h5 19. Qd4 Rg5 20. Rad1 Rhg8 21. g3 Kc7 22. Qxa7 h4 23. Qe3 hxg3 24. hxg3 e5 25. Kg2 Qe6 26. a3 Rh5 27. Rh1 Rxh1 28. Rxh1 Qd5+ 29. Qf3 e4 30. Qxf6 e3+ 31. Qf3 Rf8 32. Rh7+ Kb6 33. Qxd5 Rxf2+ 34. Kg1 cxd5 35. Re7 Rxc2 36. Rxe3 Rxb2 37. g4 Rb3 38. g5 Rxa3 39. g6 Ra8 40. g7 Kc5 1/2-1/2

[Event "Dubna op"]
[Site "Dubna"]
[Date "2007.08.05"]
[Round "3"]
[White "Makarov, Aleksandr"]
[Black "Dolsonov, Ayusha"]
[Result "1/2-1/2"]
[WhiteElo "2254"]
[BlackElo "2041"]
[PlyCount "45"]
[EventDate "2007.08.02"]
[EventType "swiss"]
[EventRounds "14"]
[EventCountry "RUS"]
[SourceTitle "EXT 2008"]
[Source "ChessBase"]
[SourceDate "2007.11.25"]
[SourceVersion "1"]
[SourceVersionDate "2007.11.25"]
[SourceQuality "1"]

1. e4 c5 2. Nf3 d6 3. d4 cxd4 4. Qxd4 Nc6 5. Bb5 Bd7 6. Bxc6 Bxc6 7. 0-0 Nf6 8. Nc3 e6 9. Be3 Be7 10. e5 dxe5 11. Qxd8+ Bxd8 12. Nxe5 0-0 13. Nxc6 bxc6 14. Bc5 Re8 15. Rfd1 Bc7 16. Bd6 Ba5 17. b4 Bd8 18. a4 a6 19. f3 Bb6+ 20. Kf1 Rad8 21. a5 Ba7 22. Rd3 Nd5 23. Nxd5 1/2-1/2

[Event "Dubna"]
[Site "Dubna"]
[Date "2007.02.12"]
[Round "9"]
[White "Berezin, Viktor1111"]
[Black "Makarov, Aleksandr"]
[Result "0-1"]
[WhiteElo "2239"]
[BlackElo "2278"]
[PlyCount "106"]
[EventDate "2007.01.11"]
[EventType "tourn"]
[EventRounds "9"]
[EventCountry "RUS"]
[SourceTitle "EXT 2010"]
[Source "ChessBase"]
[SourceDate "2010.11.25"]
[SourceVersion "1"]
[SourceVersionDate "2010.11.25"]
[SourceQuality "1"]

1. e4 e5 2. Nf3 Nf6 3. Nc3 Bb4 4. Bc4 0-0 5. 0-0 d6 6. d3 Bg4 7. Bg5 c6 8. h3 Bh5 9. g4 Bg6 10. Nh4 Kh8 11. f4 h6 12. Nxg6+ fxg6 13. fxe5 dxe5 14. Be3 b5 15. Bb3 Qe7 16. a4 Bc5 17. Qe2 b4 18. Nd1 Nbd7 19. Bxc5 Nxc5 20. Bc4 Nh7 21. Kg2 Rxf1 22. Qxf1 Rf8 23. Qe2 Qh4 24. Qe3 Ng5 25. Qg3 Qxg3+ 26. Kxg3 Rf3+ 27. Kg2 Rxh3 28. Nf2 Re3 29. Rc1 Nge6 30. c3 Nf4+ 31. Kf1 Re2 32. Rb1 Nxa4 33. cxb4 Rxb2 34. Ra1 Rxb4 35. Kg1 Nb2 36. Bf7 Rb7 37. Ba2 Nbxd3 38. Rd1 Rb2 39. Nxd3 Rxa2 40. Nxe5 Ne2+ 41. Kf1 Ng3+ 42. Kg1 Nxe4 43. Rd8+ Kh7 44. Nf7 g5 45. Rh8+ Kg6 46. Ne5+ Kf6 47. Nxc6 a5 48. Nd4 Ke5 49. Nf5 Kf4 50. Rf8 Kxg4 51. Ne3+ Kh3 52. Rf3+ Ng3 53. Nf1 Rg2# 0-1

[Event "Dubna"]
[Site "Dubna"]
[Date "2007.02.01"]
[Round "6"]
[White "Makarov, Aleksandr"]
[Black "Popov, Alexey V"]
[Result "1-0"]
[WhiteElo "2278"]
[BlackElo "2059"]
[PlyCount "115"]
[EventDate "2007.01.11"]
[EventType "tourn"]
[EventRounds "9"]
[EventCountry "RUS"]
[SourceTitle "EXT 2010"]
[Source "ChessBase"]
[SourceDate "2010.11.25"]
[SourceVersion "1"]
[SourceVersionDate "2010.11.25"]
[SourceQuality "1"]

1. e4 e6 2. d4 b6 3. Nf3 Bb7 4. Nc3 Be7 5. e5 f5 6. d5 exd5 7. Nxd5 c6 8. Nf4 Na6 9. Nd4 Nh6 10. Qh5+ Nf7 11. Bc4 g6 12. Nxg6 hxg6 13. Qxg6 Bb4+ 14. c3 Qe7 15. Bg5 Qf8 16. e6 d5 17. 0-0-0 Be7 18. Bxe7 Qh6+ 19. Qxh6 Nxh6 20. Bxa6 Bxa6 21. Bf6 Rh7 22. Nxc6 Ng4 23. Bd4 Bb7 24. Nb4 0-0-0 25. h3 Nh6 26. Bf6 Re8 27. Rhe1 Ng8 28. Bg5 Ne7 29. Bxe7 Rhxe7 30. Nxd5 Rxe6 31. Rxe6 Rxe6 32. Nf4 Rh6 33. f3 Rh7 34. Rd4 Re7 35. Kd2 Bc6 36. h4 Bd7 37. Ng6 Rg7 38. h5 Be8 39. Rd6 Kc7 40. Re6 Kd8 41. Ke3 Rh7 42. g4 fxg4 43. fxg4 Bd7 44. Re4 Bxg4 45. Rxg4 Rxh5 46. Nf4 Ra5 47. a3 Kc7 48. Rg5 Ra4 49. Nd5+ Kd6 50. Nb4 a5 51. Rg6+ Kd7 52. Rg7+ Ke6 53. Ra7 Kd6 54. Kd4 b5 55. Ra6+ Kc7 56. Kc5 axb4 57. Rxa4 bxa4 58. Kxb4 1-0

[Event "Moscow-ch Region"]
[Site "Serpukhov"]
[Date "2002.??.??"]
[Round "2"]
[White "Makarov, Aleksandr"]
[Black "Borzov, Vladimir"]
[Result "1/2-1/2"]
[WhiteElo "2302"]
[BlackElo "2163"]
[PlyCount "53"]
[EventDate "2002.??.??"]
[EventType "swiss"]
[EventRounds "9"]
[EventCountry "RUS"]
[SourceTitle "EXT 2003"]
[Source "ChessBase"]
[SourceDate "2002.11.25"]
[SourceVersion "1"]
[SourceVersionDate "2002.11.25"]
[SourceQuality "1"]

1. e4 c6 2. d4 d5 3. e5 Bf5 4. h4 h5 5. Ne2 g6 6. Ng3 Bg4 7. f3 Be6 8. Bd3 Qb6 9. Be3 Bh6 10. f4 Bg4 11. Qc1 e6 12. c4 Ne7 13. Nc3 Bf5 14. Be2 Nd7 15. 0-0 Qd8 16. Bf3 Nb6 17. b3 Bg7 18. a4 dxc4 19. a5 Nbd5 20. bxc4 Nxc3 21. Qxc3 0-0 22. Qb4 Qd7 23. Ra2 Rfd8 24. Rb2 Rdb8 25. Qc5 Bf8 26. Qd6 Qc8 27. Qb4 1/2-1/2

[Event "Moscow-ch Region"]
[Site "Serpukhov"]
[Date "2002.??.??"]
[Round "4"]
[White "Makarov, Aleksandr"]
[Black "Denisov, Sergey"]
[Result "0-1"]
[WhiteElo "2302"]
[BlackElo "2037"]
[PlyCount "62"]
[EventDate "2002.??.??"]
[EventType "swiss"]
[EventRounds "9"]
[EventCountry "RUS"]
[SourceTitle "EXT 2003"]
[Source "ChessBase"]
[SourceDate "2002.11.25"]
[SourceVersion "1"]
[SourceVersionDate "2002.11.25"]
[SourceQuality "1"]

1. e4 e5 2. Nf3 Nc6 3. Bb5 a6 4. Bxc6 dxc6 5. 0-0 Bg4 6. h3 h5 7. hxg4 hxg4 8. g3 gxf3 9. Qxf3 Qd7 10. d3 Nf6 11. Qf5 Qxf5 12. exf5 Rh5 13. f3 Bc5+ 14. Kg2 0-0-0 15. Rh1 Rxf5 16. g4 Nxg4 17. fxg4 Rf2+ 18. Kg3 Rxc2 19. Rd1 e4 20. Na3 Re2 21. Nc4 b5 22. Na5 g5 23. Bxg5 Bd6+ 24. Bf4 Re3+ 25. Kf2 Bxf4 26. dxe4 Rxd1 27. Rxd1 Rxe4 28. Kf3 Ra4 29. Nxc6 Bd6 30. a3 Rf4+ 31. Kg3 Rd4+ 0-1

[Event "Moscow-ch Region"]
[Site "Serpukhov"]
[Date "2002.??.??"]
[Round "7"]
[White "Ushakov, Evgeny"]
[Black "Makarov, Aleksandr"]
[Result "1/2-1/2"]
[WhiteElo "2262"]
[BlackElo "2302"]
[PlyCount "69"]
[EventDate "2002.??.??"]
[EventType "swiss"]
[EventRounds "9"]
[EventCountry "RUS"]
[SourceTitle "EXT 2003"]
[Source "ChessBase"]
[SourceDate "2002.11.25"]
[SourceVersion "1"]
[SourceVersionDate "2002.11.25"]
[SourceQuality "1"]

1. e4 e5 2. Nf3 Nf6 3. d4 Nxe4 4. Bd3 d5 5. Nxe5 Bd6 6. 0-0 0-0 7. Nd2 Bxe5 8. dxe5 Nc5 9. Qh5 Nxd3 10. cxd3 Qd7 11. f4 Qf5 12. Qe2 Nc6 13. Nf3 Nb4 14. Rd1 c5 15. a3 Nc6 16. Bd2 Qh5 17. h3 Re8 18. Qf2 a5 19. Qxc5 Bxh3 20. Qxd5 Rad8 21. Qe4 Bf5 22. Qe2 Rxd3 23. Bc3 Red8 24. Rxd3 Rxd3 25. Rd1 Rxd1+ 26. Qxd1 Bg4 27. Kf2 h6 28. Qd3 Bxf3 29. Qxf3 Qf5 30. g4 Qc2+ 31. Qe2 Qc1 32. f5 Qf4+ 33. Qf3 Qh2+ 34. Qg2 Qf4+ 35. Qf3 1/2-1/2